Guess the lyrics (#34) - Statistics

General Stats
  • This quiz has been taken 205 times
  • The average score is 97 of 196
Answer Stats
Answer % Correct
I
99%
a
96%
the
93%
you
93%
You
93%
me,
84%
me
84%
your
83%
be
81%
do
81%
when
81%
on
78%
it
77%
My
77%
my
77%
to
77%
so
72%
So
72%
you're
71%
that
70%
what
69%
I'm
67%
Don't
66%
don't
66%
want
65%
for
62%
know
62%
like
62%
Like
62%
of
62%
can't
60%
if
60%
If
60%
men
60%
get
59%
she
59%
this
58%
duh
55%
see
55%
I'll
54%
at
53%
it's
53%
all
51%
say
50%
but
49%
Just
47%
bad
45%
with
45%
or
42%
own
42%
'cause
40%
Think
40%
bein'
39%
Make
38%
now
38%
won't
38%
good
36%
mad
36%
always
34%
guy
34%
guy,
34%
said
34%
let
32%
only
32%
take
31%
sad
30%
enough
27%
really
27%
sees
27%
she's
25%
tough
23%
dad
21%
likes
21%
mean,
21%
Might
21%
rough
21%
she'll
21%
around
19%
knows
19%
song
19%
alone
18%
red
18%
sing
18%
type
18%
White
18%
even
17%
maybe
17%
mama
16%
shirt
16%
girlfriend
14%
play
14%
please
14%
seduce
14%
no-one
13%
nose
13%
along
12%
bloody
12%
cologne
12%
criminal
12%
glad
12%
knees
12%
soul?
12%
both
11%
control
11%
Creepin'
11%
guess
11%
mommy
11%
thank
11%
wanting
11%
wearing
11%
Bruises
10%
cynical
10%
pretty
10%
scared
10%
tippy
10%
toes
10%
animal
9%
Chest
9%
lyrics
9%
puffed
9%
pity
8%
role
8%
Sleepin',
8%
reads
7%
No matching quizzes found
Score Distribution
Percent of People with Each Score
Percentile by Number Answered
Your Score History
You have not taken this quiz